| 000 | 01104nam a2200229Ia 4500 | ||
|---|---|---|---|
| 999 |
_c6342 _d6342 |
||
| 003 | OSt | ||
| 005 | 20200406102754.0 | ||
| 008 | 191128s2009 ck gr 001 0 spa d | ||
| 020 | _a9789587099386 | ||
| 040 |
_aCO-JMCR _cCO-JMCR |
||
| 041 | 0 | _aspa | |
| 082 | 0 | 4 |
_a158.4 / _bB517l |
| 100 | 1 |
_aBernal Trujillo, Marta Inés, _eautora _92511 |
|
| 245 | 1 | 3 |
_aLa culpa es de la vaca para mujeres / _cMarta Inés Bernal Trujillo |
| 260 |
_aBogotá : _bIntermedio Editores, _c2009 |
||
| 300 | _aPrimera edición | ||
| 505 | _aLa verdad de la parábola -- ella vale nueve canoas -- el hijo más amado -- los narcisos -- la gerencia femenina -- hasta mañana -- el conjuro de los Sioux -- el verdadero amor. | ||
| 520 | _a¿Cómo puede una mujer tener conciencia de su propia valía? ¿ La adquiere por si misma o debe tener a un hombre como punto de referencia para medir su autoestima? En este libro los autores dialogan en torno a parábolas, historias y mensajes buscando trasmi | ||
| 650 | 1 | 4 |
_aLiderazgo Citas _92512 |
| 650 | 2 | 4 |
_aMáximas Mujeres _xCuestiones sociales y morales _92513 |
| 942 |
_2ddc _cBK |
||